|
|
|
|
| LEADER |
00000nab a2200000 ar4500 |
| 001 |
vtls008954403 |
| 003 |
SK-MaSNL |
| 005 |
20260303070319.0 |
| 008 |
070312c20070305xo wr|p|||||||000 b|slo |
| 015 |
|
|
|a SNBRBL2007/03
|2 snkbucl
|
| 038 |
|
|
|a SNKBUCL
|
| 040 |
|
|
|a SNKBUCL
|b slo
|c SNKBUCL
|e AACR2
|
| 041 |
0 |
|
|a slo
|
| 044 |
|
|
|a xo
|c SK
|
| 080 |
|
|
|a 796.966.093.1
|2 2001
|
| 245 |
0 |
0 |
|a Vo treťom zápase štvrťfinále play-off Slovnaft extraligy
|
| 300 |
|
|
|b Fotogr., tab.
|
| 648 |
|
7 |
|a sezóna 2006/2007
|2 snkbucl
|9 1032718
|
| 650 |
0 |
7 |
|a ľadový hokej
|2 snkbucl
|9 3231
|
| 650 |
0 |
7 |
|a štvrťfinále play-off
|2 snkbucl
|9 1033439
|
| 650 |
0 |
7 |
|a tretí zápas
|2 snkbucl
|9 1034562
|
| 773 |
0 |
|
|t Šport
|g Roč. 61, č. 53 (5.3.2007), s. 29
|x 0139-7001
|
| 852 |
|
|
|a SNK
|b KIS3GCP
|
| 999 |
|
|
|c 1754844
|d 1756774
|